000 00800cam a22002411 4500
001 sg 45000274
003 DLC
005 20260227112746.0
008 810920s1945 xx af 000 0 eng
010 _asg 45000274
035 _a(OCoLC)14752079
040 _aDLC
_cDNLM
_dOCoLC
_dDLC
042 _apremarc
050 0 0 _aRL71
_b.T55 1945
060 0 _aWR 140
_bT629e 1945
100 1 _aTobias, Norman,
_d1898-
245 1 0 _aEssentials of dermatology,
_cby Norman Tobias ...
250 _a2d ed.
260 _aPhiladelphia [etc.]
_bJ.B. Lippincott company
_c[c1945]
300 _axiv, 497 p.
_bill., plates.
500 _a"Second impression, with new material."
500 _a"The use of the sulfonamide drugs in dermatology" on front lining-paper. "Table of normal values" on end lining-paper.
999 _c90669
_d90669